John Cena Quiz - Statistics

General Stats
  • This quiz has been taken 42 times
  • The average score is 8 of 18
Answer Stats
Question Answer % Correct
Of World Heavyweight Championships 2
89%
Age 47
72%
Submission Finisher STF
72%
Debut 2002
64%
When Is He Retiring 2025
64%
# Of WWE Championships 5
64%
Fought Debut Match Against Kurt Angle
61%
Theme Song The Time Is Now
58%
Finisher 1 Attitude Adjustment
56%
Height 6,1
53%
Hometown West Newbury Massachusetts
31%
Weight 240
28%
Jersey # On High School Football Team 54
25%
Values Hustle Loyalty Respect
25%
College Springfield College
6%
Favorite Food Steak
6%
Favorite Actor Jack Black
0%
Nickname Growing Up Radar
0%
No matching quizzes found
Score Distribution
Percent of People with Each Score
Percentile by Number Answered
Your Score History
You have not taken this quiz